Southville International School and Colleges
Your cart is empty.
  • Cart
  • Lists
    Public lists Eva Luna New books Lux_list list_1
    Your lists Log in to create your own lists
  • Log in to your account
  • Your cookies
  • Search history
Southville International School and Colleges
  • Advanced search
  • Recent comments
  • Most popular
  • Libraries

Log in to your account

Log in with GOOGLE


If you do not have an external account, but do have a local account, you can still log in:

  1. Home
  2. MARC view: The single woman :
Normal view MARC view ISBD view

The single woman : (Record no. 287806)

[ view plain ]
MARC details
000 -LEADER
fixed length control field 01941cam a22003137a 4500
001 - CONTROL NUMBER
control field 18158122
003 - CONTROL NUMBER IDENTIFIER
control field LC
005 - DATE AND TIME OF LATEST TRANSACTION
control field 20160222140316.0
008 - FIXED-LENGTH DATA ELEMENTS--GENERAL INFORMATION
fixed length control field 140520s2013 tnua 000 0 eng d
010 ## - LIBRARY OF CONGRESS CONTROL NUMBER
LC control number 2012287131
020 ## - INTERNATIONAL STANDARD BOOK NUMBER
International Standard Book Number 9781400322312
020 ## - INTERNATIONAL STANDARD BOOK NUMBER
International Standard Book Number 1400322316
035 ## - SYSTEM CONTROL NUMBER
System control number (OCoLC)ocn855535060
040 ## - CATALOGING SOURCE
Original cataloging agency IMF
Transcribing agency IMF
Modifying agency BTCTA
-- BDX
-- CGP
-- YW6
-- AHS
-- DLC
042 ## - AUTHENTICATION CODE
Authentication code lccopycat
050 00 - LIBRARY OF CONGRESS CALL NUMBER
Classification number BV4596.S5
Item number H34 2013
100 1# - MAIN ENTRY--PERSONAL NAME
Personal name Hale, Mandy.
245 14 - TITLE STATEMENT
Title The single woman :
Remainder of title life, love, and a dash of sass /
Statement of responsibility, etc Mandy Hale
260 ## - PUBLICATION, DISTRIBUTION, ETC. (IMPRINT)
Place of publication, distribution, etc Nashville :
Name of publisher, distributor, etc Thomas Nelson,
Date of publication, distribution, etc c2013.
300 ## - PHYSICAL DESCRIPTION
Extent xix, 204 p. :
Other physical details ill. ;
Dimensions 22 cm.
505 0# - FORMATTED CONTENTS NOTE
Formatted contents note Happily single -- Being you and loving it -- Living your best life -- Matters of the heart : love, dating, and friendships -- Letting go and moving on -- The bigger picture -- Making a difference -- The single woman's journey.
520 ## - SUMMARY, ETC.
Summary, etc Mandy Hale, also known by her many blog readers and Twitter fans as The Single WomanTM, shares her stories, advice, and enthusiasm for living life as an empowered, confident, God-centered woman who doesn't just resign herself to being single, she enjoys it! Being single has had its stigmas, but Mandy proves it has its advantages too, and she uses wisdom and wit to inspire her fellow single ladies to celebrate and live fully in the life God has given them. Mandy encourages her readers on subjects such as taking chances, building friendships, letting go, and finding a greater purpose. With her help, readers can stop worrying about happily ever after and discover a happy life instead.
650 #0 - SUBJECT ADDED ENTRY--TOPICAL TERM
Topical term or geographic name as entry element Single women
General subdivision Religious life.
650 #0 - SUBJECT ADDED ENTRY--TOPICAL TERM
Topical term or geographic name as entry element Christian women
General subdivision Religious life.
856 42 - ELECTRONIC LOCATION AND ACCESS
Materials specified Publisher description
Uniform Resource Identifier <a href="http://www.loc.gov/catdir/enhancements/fy1408/2012287131-d.html">http://www.loc.gov/catdir/enhancements/fy1408/2012287131-d.html</a>
906 ## - LOCAL DATA ELEMENT F, LDF (RLIN)
a 7
b cbc
c copycat
d 2
e ncip
f 20
g y-gencatlg
942 ## - ADDED ENTRY ELEMENTS (KOHA)
Source of classification or shelving scheme Library of Congress Classification
Koha item type Books
Holdings
Withdrawn status Lost status Source of classification or shelving scheme Damaged status Home library Current library Shelving location Date acquired Source of acquisition Total Checkouts Full call number Barcode Date last seen Date checked out Price effective from Koha item type
    Library of Congress Classification   Luxembourg Library Luxembourg Library Fiction Section 06/10/2015 Library Fund 2 BV 4596 .S5 H34 2013 20026 04/25/2018 02/28/2017 06/10/2015 Books

The single woman :

APA

Hale M., . (2013). The single woman. Nashville: Thomas Nelson.

Chicago

Hale Mandy, . 2013. The single woman. Nashville: Thomas Nelson.

Harvard

Hale M., . (2013). The single woman. Nashville: Thomas Nelson.

MLA

Hale Mandy, . The single woman. Nashville: Thomas Nelson. 2013.

  • Place hold
  • Print
  • Cite
  • Add to your cart (remove)
  • Save record
    BIBTEX Dublin Core MARCXML MARC (non-Unicode/MARC-8) MARC (Unicode/UTF-8) MARC (Unicode/UTF-8, Standard) MODS (XML) RIS
  • More searches
    Search for this title in:
    Other Libraries (WorldCat) Other Databases (Google Scholar) Online Stores (Bookfinder.com) Open Library (openlibrary.org)

Exporting to Dublin Core...

SOUTHVILLE LIBRARY

Southville International School and Colleges Library

1281 Tropical Ave. Cor. Luxembourg St., BF Homes International, Las Pinas City

Tel. No. 8256374 / 252358 Loc. 117/146

Powered by Koha